| 000 | 00405nam a22001697a 4500 | ||
|---|---|---|---|
| 003 | NUST - PNEC | ||
| 005 | 20170116181119.0 | ||
| 008 | 151004b xxu||||| |||| 00| 0 eng d | ||
| 020 | _a- | ||
| 040 | _cLIBRARY | ||
| 082 | _a621.75 SAN | ||
| 100 |
_913427 _aSandham, R. |
||
| 245 |
_aMetalwork _cR. Sandham |
||
| 260 | _cc.1962 | ||
| 650 |
_913430 _aMachine-shop practice _xIME, ME |
||
| 942 |
_2ddc _cBK |
||
| 999 |
_c69512 _d69512 |
||